00532nam a22001817a 450000500170000001000150001702000260003203500130005803700130007108200110008410000190009524500700011426000350018427000450021930000220026450000500028665000140033620100813123551.0 aENG-100052 a9788178223377c425.00 aEN-83584 bDBAD/PUB a180.49 aDavidson, John a The secret of the creative vacuum :bman and the energy dance / aNew DelhibNew Age Booksc2009 aA-44 Naraina Phase -1bNew Delhie110028 a426p.c21cm (pbk) aIncludes bibliographical references and index aMysticism